| 000 | 00508nam a2200181Ia 4500 | ||
|---|---|---|---|
| 999 |
_c30165 _d30165 |
||
| 003 | OSt | ||
| 005 | 20201125153843.0 | ||
| 008 | 190216s9999||||xx |||||||||||||| ||und|| | ||
| 020 | _a9788182674334 | ||
| 040 | _coclc | ||
| 082 |
_a920 _bGHU/N |
||
| 100 |
_aGhugianvi, Ninder _96714 |
||
| 245 | 0 |
_aNjaan Judgiyude Sipayiyaayirunnu / _cNinder Ghugianvi |
|
| 260 |
_bGrassroot, _c2018. _aKozhikode; |
||
| 300 | _a126p | ||
| 650 | _aMalayalam | ||
| 942 |
_cBK _2ddc _h920 _iGHU/N _k920 _mGHU/N |
||